| 000 | 00709nam a2200205 4500 | ||
|---|---|---|---|
| 001 | 136035 | ||
| 003 | ES-MaACL | ||
| 005 | 20230906195024.0 | ||
| 007 | t| | ||
| 008 | 070214s1953 sp r ||||1| spa d | ||
| 100 | 1 |
_aRoviralta, Emilio. _9100163 |
|
| 245 | 1 | 3 |
_aLa ectopia gástrica parcial en el niño / _cEmilio Roviralta, Juan Picañol, Jaime Suñol. |
| 260 |
_aBarcelona : _bCientífico Médica, _c1953. |
||
| 300 |
_a157 p. : _bil. ; _c22 cm. |
||
| 500 | _aPrecede al Tit : Instituto Policlínico de Barcelona. | ||
| 700 | 1 |
_aPicañol i Peiratáo, Joan. _9131124 |
|
| 700 | 1 |
_aSuñol, Jaime. _9108800 |
|
| 710 | 2 |
_aInstituto Policlínico de Barcelona. _95208 |
|
| 852 |
_aES-MaACL _jD-8634 _bR.33281 |
||
| 999 |
_c136035 _d136035 |
||